[Event "Mlada Boleslav Region-ch U20"]
[Site "Mlada Boleslav"]
[Date "2014.06.22"]
[Round "6"]
[White "Kovarik, Vojtech"]
[Black "Gabrielova, Marketa"]
[Result "1-0"]
[WhiteElo "1319"]
[BlackElo "1223"]
[PlyCount "145"]
[EventDate "2014.06.21"]
[EventType "swiss"]
[EventRounds "7"]
[EventCountry "CZE"]
[SourceTitle "EXT 2016"]
[Source "ChessBase"]
[SourceDate "2015.10.08"]
[SourceVersion "1"]
[SourceVersionDate "2015.10.08"]
[SourceQuality "1"]

1. e4 e5 2. Nf3 Nc6 3. Bc4 Bc5 4. 0-0 Nf6 5. d3 h6 6. Nc3 d6 7. h3 Be6 8. Bxe6 fxe6 9. Be3 Bb6 10. d4 exd4 11. Nxd4 Nxd4 12. Bxd4 e5 13. Bxb6 axb6 14. a3 0-0 15. Re1 Re8 16. Qd2 Qd7 17. Rad1 Qc6 18. Nd5 Nxd5 19. Qxd5+ Qxd5 20. Rxd5 Ra4 21. f3 Rd8 22. Red1 Ra5 23. Kf2 Rxd5 24. Rxd5 c6 25. Rd3 d5 26. exd5 cxd5 27. Ke3 Kf7 28. Rb3 Rd6 29. Rd3 Kf6 30. h4 h5 31. c4 d4+ 32. Ke4 Ke6 33. f4 exf4 34. Kxf4 b5 35. b3 bxc4 36. bxc4 Kf6 37. g3 Ra6 38. Rxd4 Rxa3 39. Rd6+ Ke7 40. Rb6 Ra7 41. Kg5 Ra5+ 42. Kg6 Ra6 43. c5 Kf8 44. Kxh5 Ra5 45. Rxb7 Rxc5+ 46. Kg4 Kg8 47. h5 Kh7 48. Kh4 Rc4+ 49. g4 Kh6 50. Rb8 Kh7 51. Rb5 Kh6 52. Kg3 g6 53. Rb6 Kh7 54. Rxg6 Rd4 55. Kh4 Rd5 56. Rg5 Rd6 57. Rf5 Kh6 58. g5+ Kg7 59. Rf4 Rd5 60. h6+ Kg6 61. Rf6+ Kh7 62. Rf7+ Kg6 63. Rg7+ Kf5 64. h7 Rd8 65. Rg8 Rd4+ 66. Kg3 Rd3+ 67. Kf2 Kf4 68. Rf8+ Ke4 69. h8Q Rd2+ 70. Kf1 Ke3 71. Qe5+ Kd3 72. Rd8+ Kc4 73. Qc7+ 1-0

[Event "Mlada Boleslav Region-ch U20"]
[Site "Mlada Boleslav"]
[Date "2014.06.21"]
[Round "1"]
[White "Gabrielova, Marketa"]
[Black "Skypala, Ondrej"]
[Result "1-0"]
[WhiteElo "1223"]
[BlackElo "1485"]
[PlyCount "55"]
[EventDate "2014.06.21"]
[EventType "swiss"]
[EventRounds "7"]
[EventCountry "CZE"]
[SourceTitle "EXT 2016"]
[Source "ChessBase"]
[SourceDate "2015.10.08"]
[SourceVersion "1"]
[SourceVersionDate "2015.10.08"]
[SourceQuality "1"]

1. e4 c5 2. Nf3 Nc6 3. Nc3 e6 4. Bc4 a6 5. d3 b5 6. Bb3 b4 7. Ne2 d5 8. exd5 exd5 9. Nf4 Nf6 10. 0-0 Be7 11. Re1 Na5 12. Qe2 Nxb3 13. axb3 Bg4 14. h3 Bxf3 15. Qxf3 0-0 16. Qe3 Re8 17. d4 Bd6 18. Qd2 Bxf4 19. Rxe8+ Qxe8 20. Qxf4 Qe1+ 21. Kh2 Ne4 22. Rxa6 Re8 23. Ra7 Nf6 24. dxc5 Re4 25. Qc7 Re7 26. Qxe7 Qxe7 27. Rxe7 Kf8 28. Rb7 1-0

[Event "Mlada Boleslav Region-ch U20"]
[Site "Mlada Boleslav"]
[Date "2014.06.21"]
[Round "2"]
[White "Vrbova, Eva"]
[Black "Gabrielova, Marketa"]
[Result "1-0"]
[WhiteElo "1348"]
[BlackElo "1223"]
[PlyCount "69"]
[EventDate "2014.06.21"]
[EventType "swiss"]
[EventRounds "7"]
[EventCountry "CZE"]
[SourceTitle "EXT 2016"]
[Source "ChessBase"]
[SourceDate "2015.10.08"]
[SourceVersion "1"]
[SourceVersionDate "2015.10.08"]
[SourceQuality "1"]

1. e4 e5 2. Nf3 Nc6 3. Bc4 Bc5 4. Nc3 Nf6 5. d3 h6 6. 0-0 d6 7. h3 Be6 8. Bb3 0-0 9. Be3 Bb6 10. Qd2 Bxe3 11. fxe3 d5 12. exd5 Bxd5 13. Nxd5 Nxd5 14. Qf2 Nf6 15. Rad1 Qe7 16. Qg3 e4 17. Nh4 Nh5 18. Qg4 Nf6 19. Qg3 Nh5 20. Qf2 Na5 21. Ng6 Qf6 22. Nxf8 Rxf8 23. Qxf6 Nxf6 24. dxe4 Nxb3 25. axb3 Nxe4 26. Rd7 Ng3 27. Re1 Rc8 28. e4 f6 29. Rd5 Re8 30. e5 fxe5 31. Rdxe5 Rf8 32. Re8 Nf5 33. Rxf8+ Kxf8 34. Rf1 g6 35. g4 1-0

[Event "Mlada Boleslav Region-ch U20"]
[Site "Mlada Boleslav"]
[Date "2012.06.23"]
[Round "4"]
[White "Vrbova, Eva"]
[Black "Gabrielova, Marketa"]
[Result "1-0"]
[WhiteElo "1319"]
[BlackElo "1100"]
[PlyCount "105"]
[EventDate "2012.06.23"]
[EventType "swiss"]
[EventRounds "7"]
[EventCountry "CZE"]
[SourceTitle "EXT 2014"]
[Source "ChessBase"]
[SourceDate "2013.11.20"]
[SourceVersion "1"]
[SourceVersionDate "2013.11.20"]
[SourceQuality "1"]

1. e4 e5 2. Nf3 Nc6 3. Bc4 Bc5 4. Nc3 Nf6 5. 0-0 0-0 6. a3 h6 7. d3 d6 8. h3 Be6 9. Bxe6 fxe6 10. Na4 b6 11. Nxc5 bxc5 12. Bd2 d5 13. exd5 exd5 14. Re1 e4 15. dxe4 dxe4 16. Nh2 Rb8 17. Rb1 Rf7 18. Bc3 Rd7 19. Qe2 a5 20. Bxf6 Qxf6 21. c3 Re7 22. Qc4+ Qe6 23. Qxc5 Rb6 24. b4 axb4 25. cxb4 Nd8 26. a4 Qg6 27. Qc4+ Rbe6 28. a5 Kh7 29. b5 c6 30. b6 c5 31. a6 Nb7 32. a7 Re8 33. Qa6 Ra8 34. Qxb7 Ree8 35. Rbd1 c4 36. Qa6 Re6 37. Rb1 Qg5 38. Qa4 Rg6 39. g3 e3 40. Rxe3 Qf6 41. b7 Rxa7 42. Qxa7 c3 43. b8Q c2 44. Rc1 Qd6 45. Qxd6 Rxd6 46. Ree1 h5 47. Rxc2 Kh6 48. Qe3+ g5 49. Qe6+ Rxe6 50. Rxe6+ Kg7 51. Rc7+ Kf8 52. Rb6 Ke8 53. Rb8# 1-0